Cyril a Metod misia, písmo, tradícia

Bibliographic Details
Main Author: Puchovský, Maroš, 1967- (Author)
Format: Article
Language:Slovak
PhysicalDescription:Obr.
ISBN:8096922149
Subjects:

MARC

LEADER 00000nab a2200000 ar4500
001 vtls008888131
003 SK-MaSNL
005 20260304021239.0
008 170412c2004 xo |r|p|||||||000 b|slo
015 |a SNBRA2006/12  |2 snkbucl 
038 |a SNKBUCL 
040 |a SNKBUCL  |b slo  |c SNKBUCL  |e AACR2 
041 0 |a slo 
044 |a xo  |c SK 
080 |a 27-76:94(437.3)  |2 2001 
080 |a 94(437.3)  |2 2001 
100 1 |a Puchovský, Maroš,  |d 1967-  |4 aut  |9 192836 
245 1 0 |a Cyril a Metod  |b misia, písmo, tradícia  |c Maroš Puchovský 
300 |b Obr. 
600 0 7 |a Cyril,  |c svätý,  |d 827-869  |2 snkbucl  |9 126082 
600 0 7 |a Metod,  |c svätý,  |d asi 815-885  |2 snkbucl  |9 162985 
650 0 7 |a cyrilo-metodská misia  |2 snkbucl  |9 69502 
651 7 |a Veľká Morava  |2 snkbucl  |9 66060 
773 0 |t Národný kalendár 2005  |d Martin : Matica slovenská, 2004  |g S. 103-104  |z 8096922149 
852 |a SNK  |b KIS3GCP 
999 |c 2604591  |d 2606521